Kerbol System Planets - Kerbal Space Program - Statistics

General Stats
  • This quiz has been taken 37 times
  • The average score is 6 of 7
Answer Stats
Order Answer % Correct
6 Jool
100%
3 Kerbin
97%
2 Eve
94%
1 Moho
94%
4 Duna
92%
7 Eeloo
86%
5 Dres
81%
No matching quizzes found
Score Distribution
Percent of People with Each Score
Percentile by Number Answered
Your Score History
You have not taken this quiz